| 000 | 01292nam a22003377a 4500 | ||
|---|---|---|---|
| 001 | BR8600444 | ||
| 003 | BR-BrBNA | ||
| 005 | 20230928092225.0 | ||
| 007 | ta | ||
| 008 | 230509b bl.||||| |||| 00| 0 por d | ||
| 040 |
_aBR-BrBNA _bpor _cBiblioteca Nacional de Agricultura |
||
| 041 | _a(Por) | ||
| 072 |
_aL02; L52 _b5300 _b8954 |
||
| 090 | _ 5300 BR8600444 | ||
| 100 | 1 | _aLopes, J.B. | |
| 110 | 1 |
_aUniversidade Federal de Minas Gerais, Belo Horizonte (Brasil). Escola de Veterinaria _0Tese (Mestrado) |
|
| 245 | 1 | _aEfeito dos niveis proteicos e energeticos sobre a digestibilidade aparente da materia seca, da proteina bruta e da energia bruta e balanco de nitrogenio em dietas de suinos em crescimento | |
| 246 | 1 | _a[Effect of protein and energy levels on the apparent digestibility of dry matter, crude protein and crude energy, and nitrogen balance in growing swines diets] | |
| 260 | 3 |
_aBelo Horizonte, MG (Brasil): _c1985. |
|
| 300 | _a57 p. | ||
| 500 | _aBibliography p. 42-48 (58 ref.); Summary (Por); 22 tables | ||
| 650 | _aSUINO | ||
| 650 | _aCRESCIMENTO | ||
| 650 | _aDIGESTIBILIDADE | ||
| 650 | _aRACAO CONCENTRADA | ||
| 650 | _aVALOR NUTRITIVO | ||
| 650 | _aCOMPOSICAO QUIMICA | ||
| 650 | _aDIETA | ||
| 909 |
_a202309 _bLucia _c55 _dLucia Elande |
||
| 942 | _cBK | ||
| 999 |
_c37770 _d37770 |
||